<?xml version="1.0" encoding="UTF-8"?>
<record
    xmlns:xsi="http://www.w3.org/2001/XMLSchema-instance"
    xsi:schemaLocation="http://www.loc.gov/MARC21/slim http://www.loc.gov/standards/marcxml/schema/MARC21slim.xsd"
    xmlns="http://www.loc.gov/MARC21/slim">

  <leader>00700nam a2200181Ia 4500</leader>
  <controlfield tag="001">11847</controlfield>
  <controlfield tag="003">GE_BSU</controlfield>
  <controlfield tag="008">181216s||||||||xx |||||||||||||| ||und||</controlfield>
  <datafield tag="040" ind1=" " ind2=" ">
    <subfield code="c">GE_BSU</subfield>
  </datafield>
  <datafield tag="245" ind1=" " ind2=" ">
    <subfield code="a">&#x41C;&#x438;&#x43A;&#x440;&#x43E;&#x44D;&#x43B;&#x435;&#x43C;&#x435;&#x43D;&#x442;&#x44B; &#x432; &#x436;&#x438;&#x437;&#x43D;&#x438; &#x440;&#x430;&#x441;&#x442;&#x435;&#x43D;&#x438;&#x439; &#x438; &#x436;&#x438;&#x432;&#x43E;&#x442;&#x43D;&#x44B;&#x445;: &#x442;&#x440;&#x443;&#x434;&#x44B; &#x43A;&#x43E;&#x43D;&#x444;&#x435;&#x440;&#x435;&#x43D;&#x446;&#x438;&#x438; &#x43F;&#x43E; &#x43C;&#x438;&#x43A;&#x440;&#x43E;&#x44D;&#x43B;&#x435;&#x43C;&#x435;&#x43D;&#x442;&#x430;&#x43C;. 1950</subfield>
  </datafield>
  <datafield tag="245" ind1=" " ind2=" ">
    <subfield code="c">&#x420;&#x435;&#x434;.&#x43A;&#x43E;&#x43C;.&#x41D;.&#x410;.&#x41C;&#x430;&#x43A;&#x441;&#x438;&#x43C;&#x43E;&#x432;</subfield>
  </datafield>
  <datafield tag="260" ind1=" " ind2=" ">
    <subfield code="a">&#x41C;&#x43E;&#x441;&#x43A;&#x432;&#x430;</subfield>
  </datafield>
  <datafield tag="260" ind1=" " ind2=" ">
    <subfield code="b">&#x410;&#x43A;&#x430;&#x434;. &#x43D;&#x430;&#x443;&#x43A; &#x421;&#x421;&#x421;&#x420;</subfield>
  </datafield>
  <datafield tag="260" ind1=" " ind2=" ">
    <subfield code="c">1952</subfield>
  </datafield>
  <datafield tag="300" ind1=" " ind2=" ">
    <subfield code="a">614&#x441;&#x442;&#x440;.27&#x441;&#x43C;.</subfield>
  </datafield>
  <datafield tag="653" ind1=" " ind2=" ">
    <subfield code="a">&#x41C;&#x438;&#x43A;&#x440;&#x43E;&#x44D;&#x43B;&#x435;&#x43C;&#x435;&#x43D;&#x442;&#x44B; &#x432; &#x436;&#x438;&#x437;&#x43D;&#x438; &#x440;&#x430;&#x441;&#x442;&#x435;&#x43D;&#x438;&#x439; &#x438; &#x436;&#x438;&#x432;&#x43E;&#x442;&#x43D;&#x44B;&#x445;: &#x442;&#x440;&#x443;&#x434;&#x44B; &#x43A;&#x43E;&#x43D;&#x444;&#x435;&#x440;&#x435;&#x43D;&#x446;&#x438;&#x438; &#x43F;&#x43E; &#x43C;&#x438;&#x43A;&#x440;&#x43E;&#x44D;&#x43B;&#x435;&#x43C;&#x435;&#x43D;&#x442;&#x430;&#x43C;</subfield>
  </datafield>
  <datafield tag="942" ind1=" " ind2=" ">
    <subfield code="c">BK</subfield>
  </datafield>
  <datafield tag="999" ind1=" " ind2=" ">
    <subfield code="c">45026</subfield>
    <subfield code="d">45026</subfield>
  </datafield>
  <datafield tag="952" ind1=" " ind2=" ">
    <subfield code="0">0</subfield>
    <subfield code="1">0</subfield>
    <subfield code="4">0</subfield>
    <subfield code="7">0</subfield>
    <subfield code="9">58888</subfield>
    <subfield code="d">2018-12-17</subfield>
    <subfield code="p">20439</subfield>
    <subfield code="r">2018-12-17</subfield>
    <subfield code="w">2018-12-17</subfield>
    <subfield code="y">BK</subfield>
  </datafield>
</record>
